El Ministro de Educación Nacional en el Museo Arqueológico
Descripción Física:
Il·lustracions
Colección:
San Jorge,
; núm. 20 (octubre 1955), pàg 86
Materias:
Ruiz-Giménez, Joaquín, -- 1913-2009
; Museu Arqueològic de Barcelona
; Visites oficials -- Barcelona (Catalunya)
Idioma:
Español
MARC
| LEADER | 00000naa a2200000 a 4500 | ||
|---|---|---|---|
| 003 | Arxiu | ||
| 005 | 20260324181039.0 | ||
| 008 | 160829s1955 spcaxx s spa c | ||
| 040 | |a AGDB | ||
| 245 | 0 | 3 | |a El Ministro de Educación Nacional en el Museo Arqueológico |
| 300 | |b Il·lustracions | ||
| 490 | |a San Jorge, |v núm. 20 (octubre 1955), pàg 86 | ||
| 600 | 1 | 0 | |a Ruiz-Giménez, Joaquín, |d 1913-2009 |9 54249 |
| 610 | 2 | 0 | |a Museu Arqueològic de Barcelona |9 54643 |
| 650 | 0 | |a Visites oficials |z Barcelona (Catalunya) |9 31008 | |
| 773 | |g Núm. 20 (octubre 1955), pàg 86 |t San Jorge. | ||
| 901 | |a Arxiu | ||
| 942 | |n 1 |2 udc |c ART | ||
| 952 | |0 0 |1 0 |4 0 |6 REV510 |7 1 |9 65453 |a Arxiu |b Arxiu |d 2023-03-06 |l 0 |o Rev-510 |r 2023-03-06 00:00:00 |w 2023-03-06 |y ARXIU |z També disponible a Rev-524 | ||
| 999 | |c 48848 |d 48848 | ||